000 00457nam a2200121Ia 4500
008 220204s9999 xx 000 0 und d
082 _a339.1
_bUNC
245 0 _aExpansion of trading opportunities to the year 2000 for Asia-Pacific developing countries : Papers of a workshop held in Jakarta, Indonesia,6-9 June 1994
260 _aNew York
_bUnited Nations
_c1995
650 _aEconomic implications
650 _aUruguay round and their effects
942 _cBK
999 _c43757
_d43757